[Event "ROM-ch U14"]
[Site "Baile Felix"]
[Date "2017.02.06"]
[Round "6"]
[White "Paul, Darius Bogdan"]
[Black "Antal, Andrei"]
[Result "1/2-1/2"]
[WhiteElo "1007"]
[BlackElo "1372"]
[PlyCount "55"]
[EventDate "2017.02.02"]
[EventType "swiss"]
[EventRounds "9"]
[EventCountry "ROU"]
[SourceTitle "CBM 176 Extra"]
[Source "ChessBase"]
[SourceDate "2017.03.02"]
[SourceVersion "1"]
[SourceVersionDate "2017.03.02"]
[SourceQuality "1"]

1. e4 d5 2. e5 Bf5 3. Nf3 e6 4. d4 c5 5. c3 Nc6 6. Bd3 Bxd3 7. Qxd3 c4 8. Qe2 Be7 9. Be3 h6 10. b3 b5 11. Nbd2 Qa5 12. b4 Qa4 13. Qd1 Qxd1+ 14. Rxd1 Bd8 15. 0-0 Nge7 16. Ra1 a5 17. a3 a4 18. g3 Nf5 19. Ne1 Kd7 20. Ng2 Be7 21. f4 h5 22. Kf2 g6 23. Nf3 Rh7 24. Ngh4 Bxh4 25. Nxh4 Nxh4 26. gxh4 Ne7 27. Ke2 Nf5 28. Bf2 1/2-1/2